Оценка усталостной надежности канатного виброизолятора; Проблемы геологии и освоения недр; Т. 2

Podrobná bibliografie
Parent link:Проблемы геологии и освоения недр: труды XXIII Международного симпозиума имени академика М. А. Усова студентов и молодых ученых, посвященного 120-летию со дня рождения академика К. И. Сатпаева, 120-летию со дня рождения профессора К. В. Радугина, Томск, 8-12 апреля 2019 г./ Национальный исследовательский Томский политехнический университет, Инженерная школа природных ресурсов ; гл. ред. А. С. Боев ; под ред. Е. Ю. Пасечник.— , 2019
Т. 2.— 2019.— [С. 476-478]
Hlavní autor: Вакуров А. А.
Korporativní autor: Национальный исследовательский Томский политехнический университет Инженерная школа природных ресурсов Отделение нефтегазового дела
Další autoři: Манабаев К. К. Кайрат Камитович (научный руководитель)
Shrnutí:Заглавие с экрана
Jazyk:ruština
Vydáno: 2019
Edice:Горное дело. Разработка рудных и нерудных полезных ископаемых
Témata:
On-line přístup:http://earchive.tpu.ru/handle/11683/56316
Médium: MixedMaterials Elektronický zdroj Kapitola
KOHA link:https://koha.lib.tpu.ru/cgi-bin/koha/opac-detail.pl?biblionumber=630123

MARC

LEADER 00000naa2a2200000 4500
001 630123
005 20231220133219.0
035 |a (RuTPU)RU\TPU\conf\31010 
035 |a RU\TPU\conf\31009 
090 |a 630123 
100 |a 20191015d2019 k y0rusy50 ca 
101 0 |a rus 
102 |a RU 
105 |a y z 100zy 
135 |a drcn ---uucaa 
181 0 |a i  
182 0 |a b 
200 1 |a Оценка усталостной надежности канатного виброизолятора  |f А. А. Вакуров, К. К. Манабаев  |g науч. рук. К. К. Манабаев 
203 |a Текст  |c электронный 
225 1 |a Горное дело. Разработка рудных и нерудных полезных ископаемых 
300 |a Заглавие с экрана 
320 |a [Библиогр.: с. 478 (5 назв.)] 
461 1 |0 (RuTPU)RU\TPU\conf\30471  |t Проблемы геологии и освоения недр  |o труды XXIII Международного симпозиума имени академика М. А. Усова студентов и молодых ученых, посвященного 120-летию со дня рождения академика К. И. Сатпаева, 120-летию со дня рождения профессора К. В. Радугина, Томск, 8-12 апреля 2019 г.  |o в 2 т.  |f Национальный исследовательский Томский политехнический университет, Инженерная школа природных ресурсов ; гл. ред. А. С. Боев ; под ред. Е. Ю. Пасечник  |d 2019 
463 1 |0 (RuTPU)RU\TPU\conf\30475  |t Т. 2  |v [С. 476-478]  |d 2019 
610 1 |a труды учёных ТПУ 
610 1 |a электронный ресурс 
610 1 |a надежность 
610 1 |a виброизоляторы 
610 1 |a напряженно-деформированные состояния 
610 1 |a вибрации 
610 1 |a насосные агрегаты 
610 1 |a нагрузки 
700 1 |a Вакуров  |b А. А. 
701 1 |a Манабаев  |b К. К.  |c физик  |c доцент Томского политехнического университета, кандидат физико-математических наук  |f 1985-  |g Кайрат Камитович  |3 (RuTPU)RU\TPU\pers\31643  |9 15781 
702 1 |a Манабаев  |b К. К.  |c физик  |c ассистент Томского политехнического университета  |f 1985-  |g Кайрат Камитович  |4 727 
712 0 2 |a Национальный исследовательский Томский политехнический университет  |b Инженерная школа природных ресурсов  |b Отделение нефтегазового дела  |3 (RuTPU)RU\TPU\col\23546 
801 2 |a RU  |b 63413507  |c 20191024  |g RCR 
856 4 |u http://earchive.tpu.ru/handle/11683/56316 
942 |c BK